| 000 | 00602nam a22001577a 4500 | ||
|---|---|---|---|
| 008 | 160516b xxu||||| |||| 00| 0 eng d | ||
| 082 |
_22015 _aUT 0635 _bAb94 |
||
| 100 |
_98264 _aAbulog, Angelie P. |
||
| 245 |
_aFashion attitude of female college students in Digos City/ _cAngelie P. Abulog, Ralph A. Bordomeo and Angelie P. Rabutan. |
||
| 260 |
_aDigos City: _bUMDC _cNovember 2015. |
||
| 300 |
_a71 pages; _c30 cm. |
||
| 650 | 0 |
_98263 _aBusiness Administration _vMarketing Management _xUndergraduate thesis. |
|
| 700 |
_98261 _aBordomeo, Ralph A. |
||
| 700 |
_98262 _aRabutan, Angelie P. |
||
| 942 |
_2ddc _cUT |
||
| 999 |
_c2496 _d2496 |
||